| 000 | 00751nam a22002055i 4500 | ||
|---|---|---|---|
| 001 | 157638 | ||
| 003 | ES-MaACL | ||
| 005 | 20250901110115.0 | ||
| 008 | 011025s1897 fr |||| | fre d | ||
| 040 |
_aCCPB | B _bspa _cCCPB | B |
||
| 100 | 1 |
_aLetourneau, Charles. _971888 |
|
| 245 | 1 | 2 |
_aL'evolution du commerce dans les diverses races humaines / _cpar Ch. Letourneau. |
| 260 |
_aParis : _bVigot Frères, éditeur, _c1897 ( _eOrléans : _fImp. G. Morand) |
||
| 300 |
_aXXIII, 581 p. ; _c23 cm. |
||
| 490 | 1 |
_aBibliothèque anthropologique ; _v18 |
|
| 650 | 0 | 4 |
_aComercio- _vHistoria _911160 |
| 830 | 0 |
_aBibliothèque anthropologique ; _v18 _9187951 |
|
| 852 |
_aES-MaACL _jF-14329 _z-- Enc. pasta española |
||
| 999 |
_c157638 _d157638 |
||